Province Quiz - Quebec - Statistics

General Stats
  • This quiz has been taken 30 times
  • The average score is 11 of 20
Answer Stats
Hint Answer % Correct
2nd biggest city in Canada, biggest in Quebec Montréal
100%
Capital of Quebec Québec City
100%
Provincial language of Quebec French
93%
Name one of the provinces Quebec borders Ontario, New Brunswick, Newfoundland and Labrador
93%
What is a person from Quebec called? Québecois
86%
City which has a name that can translate to "Three Rivers" Trois-Rivières
79%
Flower symbol that appears on the flag of Quebec Fleur-de-Lis
61%
Name of the Quebecan half of Canada's capital city Gatineau
57%
Suburb of that city Lévis
57%
World famous hotel in Quebec, also the thumbnail of this quiz Chateâu Frontenac
54%
Suburb of that city Laval
54%
Major city in Quebec which has a lake, river, and fjord of the same name Saguenay
50%
Quebecan peninsula that borders New Brunswick Gaspé
43%
Largest island owned by Quebec Île d'Anticosti
43%
Name given to today's Quebec by the British in the during the colonization of Canada Lower Canada
36%
Feature of Quebec that got it this name St. Lawrence River
32%
One of the famous Canadian explorers after which a scenic national park in Quebec is named after Jacques Cartier
25%
What the capital of Quebec started as before it became a city Trading Post
14%
Bay bordered by Quebec on three sides, to the north of the province Ungava Bay
11%
What "Quebec" means Narrow Passage
7%
No matching quizzes found
Score Distribution
Percent of People with Each Score
Percentile by Number Answered
Your Score History
You have not taken this quiz